[Event "Smith & Williamson Young Masters"]
[Site "Witley"]
[Date "2001.07.20"]
[Round "8.4"]
[White "Zhao, Zong-Yuan"]
[Black "Sinkevich, Petr"]
[Result "1-0"]
[WhiteElo "2359"]
[BlackElo "2346"]
[PlyCount "61"]
[EventDate "2001.07.13"]
[EventType "swiss"]
[EventRounds "9"]
[EventCountry "ENG"]
[SourceTitle "BritBase"]
[Source "John Saunders"]
[SourceDate "2025.09.16"]
[SourceVersion "1"]
[SourceVersionDate "2025.09.16"]
[SourceQuality "1"]

1. e4 c5 2. Nf3 Nc6 3. Bb5 e6 4. O-O Nge7 5. Nc3 a6 6. Bxc6 Nxc6 7. d4 cxd4 8. Nxd4 Qc7 9. Re1 Be7 10. Nxc6 bxc6 11. e5 O-O 12. Bf4 f5 13. exf6 Qxf4 14. fxe7 Qxf2+ 15. Kh1 Re8 16. Ne4 Qh4 17. Nd6 Rxe7 18. Re4 Qf6 19. Qd2 a5 20. Rf4 Qe5 21. Re1 Qc5 22. Rc4 Qh5 23. Qe3 h6 24. h3 a4 25. Qb6 Ba6 26. Rxa4 Qd5 27. Rxa6 Rxa6 28. Qd8+ Kh7 29. Qxe7 Rxa2 30. Rf1 Rxb2 31. Ne8 {(Amended 12...f6 to 12...f5, 17 September 2025)} 1-0

[Event "Smith & Williamson FIDE Rated"]
[Site "Witley"]
[Date "2001.07.16"]
[Round "1.1"]
[White "Bigg, Andrew J"]
[Black "Antal, Agnes"]
[Result "1-0"]
[WhiteElo "2216"]
[BlackElo "2043"]
[PlyCount "63"]
[EventDate "2001.07.16"]
[EventType "swiss"]
[EventRounds "11"]
[EventCountry "ENG"]
[SourceTitle "BritBase"]
[Source "John Saunders"]
[SourceDate "2025.09.16"]
[SourceVersion "1"]
[SourceVersionDate "2025.09.16"]
[SourceQuality "1"]

1. d4 d5 2. c4 Nc6 3. Nf3 Bg4 4. Nc3 e6 5. e3 Nf6 6. Qa4 Bxf3 7. gxf3 Qd7 8. Bd2 Be7 9. Rg1 O-O 10. O-O-O Kh8 11. Bh3 a6 12. cxd5 Nxd5 13. Qb3 Ncb4 14. Nxd5 Nxd5 15. e4 Qc6+ 16. Kb1 Nb6 17. d5 exd5 18. Bc3 f6 19. exd5 Qc4 20. Qxc4 Nxc4 21. Be6 Bd6 22. f4 Nb6 23. Rg4 Rae8 24. Rdg1 Re7 25. Bd4 Nd7 26. Rh4 Bc5 27. f5 Bd6 28. Bc3 Nc5 29. h3 Nd3 30. Rg2 Nf4 31. Rgg4 Nd3 32. Rxh7+ 1-0

[Event "Smith & Williamson FIDE Rated"]
[Site "Witley"]
[Date "2001.07.16"]
[Round "1.2"]
[White "Bjerke, Silje"]
[Black "Kahar, Krunal"]
[Result "1-0"]
[WhiteElo "2029"]
[BlackElo "2172"]
[PlyCount "59"]
[EventDate "2001.07.16"]
[EventType "swiss"]
[EventRounds "11"]
[EventCountry "ENG"]
[SourceTitle "BritBase"]
[Source "John Saunders"]
[SourceDate "2025.09.16"]
[SourceVersion "1"]
[SourceVersionDate "2025.09.16"]
[SourceQuality "1"]

1. d4 Nf6 2. c4 e6 3. Nc3 d5 4. Bg5 Be7 5. Nf3 O-O 6. e3 b6 7. cxd5 exd5 8. Bd3 Be6 9. O-O Nbd7 10. Rc1 c5 11. Ne2 h6 12. Bh4 Nh7 13. Bxe7 Qxe7 14. Nf4 g5 15. Nxe6 Qxe6 16. Qc2 Nhf6 17. Rfd1 c4 18. Bf5 Qd6 19. Nd2 b5 20. Nf1 Nh5 21. g4 Ng7 22. Ng3 Nf6 23. Kg2 Rfe8 24. Rh1 Qc6 25. h4 Ne4 26. hxg5 Nxg3 27. Rxh6 Qc7 28. fxg3 Rxe3 29. Qf2 Rae8 30. Rch1 1-0

[Event "Smith & Williamson FIDE Rated"]
[Site "Witley"]
[Date "2001.07.16"]
[Round "1.4"]
[White "Winkworth, Julian"]
[Black "Nixon, Thomas"]
[Result "1/2-1/2"]
[WhiteElo "1904"]
[BlackElo "2137"]
[PlyCount "35"]
[EventDate "2001.07.16"]
[EventType "swiss"]
[EventRounds "11"]
[EventCountry "ENG"]
[SourceTitle "BritBase"]
[Source "John Saunders"]
[SourceDate "2025.09.16"]
[SourceVersion "1"]
[SourceVersionDate "2025.09.16"]
[SourceQuality "1"]

1. e4 e5 2. Nf3 Nc6 3. Bc4 Be7 4. O-O Nf6 5. d3 d6 6. c3 O-O 7. Nbd2 d5 8. exd5 Nxd5 9. Re1 Nf4 10. Nxe5 Nxe5 11. Rxe5 Bd6 12. Re3 b5 13. Bb3 Bb7 14. Ne4 Kh8 15. Nxd6 Qxd6 16. Rg3 f5 17. Bxf4 Qxf4 18. Qc1 1/2-1/2

[Event "Smith & Williamson FIDE Rated"]
[Site "Witley"]
[Date "2001.07.16"]
[Round "1.5"]
[White "Rendle, Thomas E"]
[Black "Bennet, William"]
[Result "1-0"]
[WhiteElo "2129"]
[BlackElo "1800"]
[PlyCount "101"]
[EventDate "2001.07.16"]
[EventType "swiss"]
[EventRounds "11"]
[EventCountry "ENG"]
[SourceTitle "BritBase"]
[Source "John Saunders"]
[SourceDate "2025.09.16"]
[SourceVersion "1"]
[SourceVersionDate "2025.09.16"]
[SourceQuality "1"]

1. e4 c5 2. Nf3 g6 3. d4 cxd4 4. Qxd4 Nf6 5. e5 Nc6 6. Qa4 Nd5 7. Qb3 Nc7 8. Bf4 Ne6 9. Bg3 Qa5+ 10. Qc3 Qb6 11. Nbd2 Bg7 12. Nc4 Qc5 13. a3 Ncd4 14. Nxd4 Qxd4 15. Qxd4 Nxd4 16. O-O-O Ne6 17. Be2 h5 18. h4 Bh6+ 19. Kb1 b5 20. Na5 Rb8 21. Bf3 b4 22. axb4 Rxb4 23. c3 Rb5 24. Rd5 Rxd5 25. Bxd5 Ba6 26. Kc2 Ng7 27. Nb3 Nf5 28. Ra1 Bb5 29. Rxa7 O-O 30. Nd4 Nxd4+ 31. cxd4 Rc8+ 32. Kb3 e6 33. Ra8 Rxa8 34. Bxa8 Bd2 35. d5 Be1 36. d6 Kg7 37. Kc2 Be2 38. Be4 f5 39. Bd3 Bxd3+ 40. Kxd3 Kf8 41. Ke2 Bb4 42. Bf4 Bc5 43. Be3 Bb4 44. Kd3 Ke8 45. Kc4 Ba5 46. b4 Bd8 47. g3 f4 48. Bxf4 Bb6 49. Be3 Bxe3 50. fxe3 Kd8 51. Kb5 1-0

[Event "Smith & Williamson FIDE Rated"]
[Site "Witley"]
[Date "2001.07.16"]
[Round "1.6"]
[White "Goodwin, Lydia"]
[Black "Deva, Chetan"]
[Result "0-1"]
[WhiteElo "1768"]
[BlackElo "2128"]
[PlyCount "74"]
[EventDate "2001.07.16"]
[EventType "swiss"]
[EventRounds "11"]
[EventCountry "ENG"]
[SourceTitle "BritBase"]
[Source "John Saunders"]
[SourceDate "2025.09.16"]
[SourceVersion "1"]
[SourceVersionDate "2025.09.16"]
[SourceQuality "1"]

1. e4 c5 2. Nf3 Nc6 3. d4 cxd4 4. Nxd4 Qb6 5. Nb3 Nf6 6. Nc3 e6 7. Be3 Qc7 8. Be2 Bb4 9. f3 d5 10. Nd4 O-O 11. O-O Rd8 12. Ncb5 Qe7 13. Nxc6 bxc6 14. Nd4 Bb7 15. e5 Nd7 16. c3 Ba5 17. f4 {(=)} c5 18. Nf3 f6 19. exf6 Nxf6 20. Ng5 Bb6 21. Bf3 h6 22. Nh3 Rac8 23. Qc2 d4 24. Bxb7 Qxb7 25. Bf2 d3 26. Qd1 c4 27. b3 cxb3 28. Qxb3 Bxf2+ 29. Nxf2 Qxb3 30. axb3 Rxc3 31. Rxa7 Rxb3 32. Re7 Rd6 33. g4 Nd5 34. Ne4 Rc6 35. Rd7 Rc2 36. f5 Rbb2 37. Rd8+ Kh7 0-1

[Event "Smith & Williamson FIDE Rated"]
[Site "Witley"]
[Date "2001.07.16"]
[Round "1.7"]
[White "Martyn, Rafe"]
[Black "Farley, Andrew"]
[Result "1-0"]
[WhiteElo "2126"]
[BlackElo "1760"]
[PlyCount "65"]
[EventDate "2001.07.16"]
[EventType "swiss"]
[EventRounds "11"]
[EventCountry "ENG"]
[SourceTitle "BritBase"]
[Source "John Saunders"]
[SourceDate "2025.09.16"]
[SourceVersion "1"]
[SourceVersionDate "2025.09.16"]
[SourceQuality "1"]

1. d4 c5 2. d5 f5 3. c4 Nf6 4. Nc3 d6 5. f3 g6 6. e4 Bg7 7. exf5 Bxf5 8. Bd3 Qd7 9. Bxf5 Qxf5 10. Nge2 e5 11. Ng3 Qd7 12. Qc2 Na6 13. h4 O-O-O 14. Be3 Nc7 15. Nce4 b5 16. b4 bxc4 17. bxc5 dxc5 18. d6 Ncd5 19. Bxc5 Qb5 20. O-O Nxe4 21. Nxe4 Nf6 22. Rab1 Qc6 23. Qb2 Nxe4 24. Qb8+ Kd7 25. Rb7+ Ke6 26. Re7+ Kd5 27. fxe4+ Kxc5 28. Qxa7+ Qb6 29. Qa3+ Kc6+ 30. Kh2 Rxd6 31. Rxg7 Rhd8 32. Qa4+ Qb5 33. Rc7+ 1-0

[Event "Smith & Williamson FIDE Rated"]
[Site "Witley"]
[Date "2001.07.16"]
[Round "1.8"]
[White "Mycroft, Richard"]
[Black "Ekeberg, Carl Fredrik"]
[Result "0-1"]
[WhiteElo "1736"]
[BlackElo "2117"]
[PlyCount "50"]
[EventDate "2001.07.16"]
[EventType "swiss"]
[EventRounds "11"]
[EventCountry "ENG"]
[SourceTitle "BritBase"]
[Source "John Saunders"]
[SourceDate "2025.09.16"]
[SourceVersion "1"]
[SourceVersionDate "2025.09.16"]
[SourceQuality "1"]

1. e4 c5 2. f4 d5 3. exd5 Qxd5 4. Nc3 Qd8 5. Nf3 Nf6 6. Ne5 e6 7. Qf3 Be7 8. b3 O-O 9. Bb2 a6 10. Bd3 Nbd7 11. Rf1 Qc7 12. O-O-O Rb8 13. g4 Nxe5 14. fxe5 Nd7 15. Qe4 g6 16. Ne2 b5 17. Nf4 Bb7 18. Qe2 c4 19. bxc4 Qa5 20. cxb5 axb5 21. Bxb5 Ba3 22. c4 Bxb2+ 23. Kxb2 Bc6 24. Rb1 Bxb5 25. cxb5 Rxb5+ 0-1

[Event "Smith & Williamson FIDE Rated"]
[Site "Witley"]
[Date "2001.07.16"]
[Round "1.9"]
[White "Timms, Nicholas D"]
[Black "Bareham, David C"]
[Result "0-1"]
[WhiteElo "2102"]
[BlackElo "1720"]
[PlyCount "54"]
[EventDate "2001.07.16"]
[EventType "swiss"]
[EventRounds "11"]
[EventCountry "ENG"]
[SourceTitle "BritBase"]
[Source "John Saunders"]
[SourceDate "2025.09.16"]
[SourceVersion "1"]
[SourceVersionDate "2025.09.16"]
[SourceQuality "1"]

1. d4 Nf6 2. Bg5 c6 3. Bxf6 exf6 4. c4 g6 5. Nc3 f5 6. e3 Bg7 7. g3 d6 8. Bg2 Na6 9. Nge2 Nc7 10. b4 Be6 11. Qd3 d5 12. c5 b5 13. cxb6 axb6 14. O-O Qd6 15. Rfb1 O-O 16. a4 Rfb8 17. Nf4 c5 18. Nb5 Nxb5 19. Qxb5 cxd4 20. Nxd5 dxe3 21. Nxe3 Bd7 22. Qc4 b5 23. Qe2 Rxa4 24. Rxa4 bxa4 25. Rd1 Bb5 26. Rxd6 Bxe2 27. Nd5 a3 0-1

[Event "Smith & Williamson FIDE Rated"]
[Site "Witley"]
[Date "2001.07.16"]
[Round "1.10"]
[White "Wilson, Alexandra FV"]
[Black "Woodward, Timothy DM"]
[Result "0-1"]
[WhiteElo "1648"]
[BlackElo "2096"]
[PlyCount "70"]
[EventDate "2001.07.16"]
[EventType "swiss"]
[EventRounds "11"]
[EventCountry "ENG"]
[SourceTitle "BritBase"]
[Source "John Saunders"]
[SourceDate "2025.09.16"]
[SourceVersion "1"]
[SourceVersionDate "2025.09.16"]
[SourceQuality "1"]

1. e4 c5 2. Nf3 d6 3. Bb5+ Bd7 4. Bxd7+ Qxd7 5. O-O Nf6 6. Re1 Nc6 7. c3 e6 8. b3 Be7 9. Bb2 O-O 10. d4 cxd4 11. cxd4 d5 12. e5 Ne4 13. Nbd2 Nxd2 14. Qxd2 Rac8 15. Rac1 Rfe8 16. Rc2 Nb4 17. Rxc8 Rxc8 18. Bc3 Nc6 19. Rc1 b5 20. Ne1 b4 21. Bb2 a5 22. Nd3 Na7 23. Nc5 Qb5 24. Qe3 h6 25. g3 Bxc5 26. dxc5 Nc6 27. Bd4 a4 28. Kg2 Ra8 29. Qd2 axb3 30. axb3 Ra3 31. Rb1 Qa6 32. Qd1 Ra2 33. Rb2 Ra1 34. Qd2 Qf1+ 35. Kf3 Rd1 0-1

[Event "Smith & Williamson FIDE Rated"]
[Site "Witley"]
[Date "2001.07.16"]
[Round "1.11"]
[White "Lutton, Josiah Ezra"]
[Black "Khoo, Teresa"]
[Result "0-1"]
[WhiteElo "2093"]
[BlackElo "1688"]
[PlyCount "75"]
[EventDate "2001.07.16"]
[EventType "swiss"]
[EventRounds "11"]
[EventCountry "ENG"]
[SourceTitle "BritBase"]
[Source "John Saunders"]
[SourceDate "2025.09.16"]
[SourceVersion "1"]
[SourceVersionDate "2025.09.16"]
[SourceQuality "1"]

1. e4 c5 2. Nc3 Nc6 3. f4 g6 4. Nf3 Bg7 5. Bb5 Nd4 6. O-O a6 7. Bc4 d6 8. Nxd4 cxd4 9. Ne2 Qb6 10. d3 e6 11. f5 Nf6 12. Bg5 O-O 13. Bxf6 Bxf6 14. Nf4 d5 15. fxe6 dxc4 16. Nd5 Qxe6 17. Nxf6+ Kg7 18. dxc4 Qxc4 19. Qd2 Be6 20. Qg5 Qc7 21. c3 dxc3 22. Rac1 h6 23. Qe3 Qe5 24. Qxc3 Qxc3 25. Rxc3 Rac8 26. Nd5 {(=)} Rxc3 27. Nxc3 Rd8 28. Rf2 b5 29. a3 Bc4 30. g3 Rd4 31. Kg2 a5 32. Kf3 Rd3+ 33. Kf4 f6 34. Nd5 Bxd5 35. exd5 Rxd5 36. Rc2 g5+ 37. Ke4 Re5+ 38. Kd4 {and later 0-1} 0-1

[Event "Smith & Williamson FIDE Rated"]
[Site "Witley"]
[Date "2001.07.16"]
[Round "1.12"]
[White "Payne, Robert"]
[Black "Cooley, Oliver"]
[Result "1-0"]
[WhiteElo "1688"]
[BlackElo "2079"]
[PlyCount "93"]
[EventDate "2001.07.16"]
[EventType "swiss"]
[EventRounds "11"]
[EventCountry "ENG"]
[SourceTitle "BritBase"]
[Source "John Saunders"]
[SourceDate "2025.09.16"]
[SourceVersion "1"]
[SourceVersionDate "2025.09.16"]
[SourceQuality "1"]

1. d4 Nf6 2. Nf3 g6 3. Bg5 Bg7 4. Nbd2 O-O 5. e3 d6 6. Bd3 c5 7. c3 Bd7 8. O-O b5 9. Qe2 Qb6 10. Ne4 c4 11. Bc2 Nd5 12. Ned2 f6 13. e4 Nb4 14. cxb4 fxg5 15. Nxg5 Nc6 16. a3 Nxd4 17. Qd1 h6 18. Ngf3 Bg4 19. Rb1 Kh7 20. Re1 Nxf3+ 21. Nxf3 Bxf3 22. gxf3 Bd4 23. Qe2 e5 24. Bd1 Rf7 25. Qf1 Rc8 26. Be2 a6 27. Rec1 g5 28. h3 Rcf8 29. Qg2 Rf4 30. Rf1 Rc8 31. Rfc1 a5 32. bxa5 Qxa5 33. Kh2 Qd2 34. Qf1 Rf6 35. Rd1 Qc2 36. Rdc1 Qb3 37. Kg2 Rcf8 38. Bd1 Qa4 39. Bxa4 Rxf3 40. Rc2 bxa4 41. Qxc4 Bxf2 42. Rc3 R3f4 43. Rf1 g4 44. Qc7+ Kh8 45. Qxd6 gxh3+ 46. Rxh3 Rg4+ 47. Kh1 1-0

[Event "Smith & Williamson FIDE Rated"]
[Site "Witley"]
[Date "2001.07.16"]
[Round "1.13"]
[White "Rattray, Ross"]
[Black "Kelly, Alexandra"]
[Result "1-0"]
[WhiteElo "2076"]
[BlackElo "1672"]
[PlyCount "81"]
[EventDate "2001.07.16"]
[EventType "swiss"]
[EventRounds "11"]
[EventCountry "ENG"]
[SourceTitle "BritBase"]
[Source "John Saunders"]
[SourceDate "2025.09.16"]
[SourceVersion "1"]
[SourceVersionDate "2025.09.16"]
[SourceQuality "1"]

1. e4 c5 2. Nf3 Nc6 3. d4 cxd4 4. Nxd4 e6 5. Nb5 Nf6 6. N1c3 d6 7. Bf4 e5 8. Bg5 a6 9. Na3 Be6 10. Nd5 Bxd5 11. exd5 Qa5+ 12. c3 Qxd5 13. Bxf6 Qe4+ 14. Qe2 Qxe2+ 15. Bxe2 gxf6 16. O-O-O O-O-O 17. Bh5 Rg8 18. g3 Rd7 19. Nc4 Kc7 20. Ne3 Bh6 21. f4 Ne7 22. Ng4 Bg7 23. Bxf7 Rf8 24. Be6 Rdd8 25. f5 h5 26. Nf2 d5 27. Kb1 Bh6 28. Nd3 d4 29. Nc5 Be3 30. Bb3 Nxf5 31. Ne6+ Kd6 32. Rhf1 Ne7 33. Nxd8 Rxd8 34. Rxf6+ Kc5 35. cxd4+ exd4 36. Rf7 Rd7 37. Rh7 d3 38. Rxh5+ Kb6 39. Re5 Bc5 40. Bc4 d2 41. Re2 1-0

[Event "Smith & Williamson FIDE Rated"]
[Site "Witley"]
[Date "2001.07.16"]
[Round "1.14"]
[White "Manton, Timothy"]
[Black "Hansell, Christopher"]
[Result "0-1"]
[WhiteElo "1664"]
[BlackElo "2062"]
[PlyCount "64"]
[EventDate "2001.07.16"]
[EventType "swiss"]
[EventRounds "11"]
[EventCountry "ENG"]
[SourceTitle "BritBase"]
[Source "John Saunders"]
[SourceDate "2025.09.16"]
[SourceVersion "1"]
[SourceVersionDate "2025.09.16"]
[SourceQuality "1"]

1. d4 Nf6 2. Nf3 e6 3. Bg5 c5 4. e3 Qb6 5. Qc1 Ne4 6. h4 Nc6 7. c3 d5 8. Bd3 Bd6 9. Nbd2 f5 10. dxc5 Nxc5 11. Be2 e5 12. h5 h6 13. Bh4 e4 14. Nd4 Ne5 15. O-O Ncd3 16. Bxd3 Nxd3 17. Qc2 Qxb2 18. Qxb2 Nxb2 19. Rab1 Nd3 20. Rb5 Nc5 21. N2b3 b6 22. Nxc5 bxc5 23. Nb3 Ba6 24. Ra5 Bxf1 25. Kxf1 Kd7 26. Nxc5+ Bxc5 27. Rxc5 Kd6 28. Rb5 Kc6 29. Rb2 Rab8 30. Rc2 Kd7 31. c4 Rhc8 32. c5 Rb5 0-1

[Event "Smith & Williamson FIDE Rated"]
[Site "Witley"]
[Date "2001.07.16"]
[Round "1.16"]
[White "Coupe, Marcus"]
[Black "Mooring, Ross"]
[Result "1/2-1/2"]
[WhiteElo "1656"]
[BlackElo "2053"]
[PlyCount "57"]
[EventDate "2001.07.16"]
[EventType "swiss"]
[EventRounds "11"]
[EventCountry "ENG"]
[SourceTitle "BritBase"]
[Source "John Saunders"]
[SourceDate "2025.09.16"]
[SourceVersion "1"]
[SourceVersionDate "2025.09.16"]
[SourceQuality "1"]

1. d4 e6 2. e4 d5 3. exd5 exd5 4. Nf3 Bd6 5. Bd3 Nf6 6. Bg5 O-O 7. O-O Bg4 8. Nbd2 Nbd7 9. c3 c6 10. Qc2 Qc7 11. Rfe1 Rfe8 12. Re3 Bh5 13. h3 Bg6 14. Rae1 Bxd3 15. Rxe8+ Rxe8 16. Rxe8+ Nxe8 17. Qxd3 f6 18. Qe2 Kf7 19. Be3 {(=)} Nf8 20. Kf1 Ne6 21. Nb3 g6 22. Nc1 Nf4 23. Qd2 Ng7 24. Ne2 Nge6 25. Nfg1 f5 26. Nxf4 Nxf4 27. g3 Ne6 28. Ne2 a6 29. Kg2 1/2-1/2

[Event "Smith & Williamson FIDE Rated"]
[Site "Witley"]
[Date "2001.07.16"]
[Round "1.17"]
[White "Rennie, John"]
[Black "Williams, Samuel G"]
[Result "0-1"]
[WhiteElo "2053"]
[BlackElo "1696"]
[PlyCount "54"]
[EventDate "2001.07.16"]
[EventType "swiss"]
[EventRounds "11"]
[EventCountry "ENG"]
[SourceTitle "BritBase"]
[Source "John Saunders"]
[SourceDate "2025.09.16"]
[SourceVersion "1"]
[SourceVersionDate "2025.09.16"]
[SourceQuality "1"]

1. e4 d6 2. Nf3 Nf6 3. Nc3 c6 4. d4 Bg4 5. Be2 e6 6. Bg5 Be7 7. Qd2 d5 8. e5 Nfd7 9. Bxe7 Qxe7 10. h3 Bxf3 11. gxf3 a5 12. Nd1 c5 13. c3 Nc6 14. Ne3 Rc8 15. Nc2 f6 16. f4 fxe5 17. fxe5 O-O 18. h4 Qf7 19. Bg4 cxd4 20. cxd4 Ndxe5 21. dxe5 Nxe5 22. Ne3 h5 23. Bxe6 Nf3+ 24. Ke2 Qxe6 25. Qxd5 Rc2+ 26. Kf1 Qxd5 27. Nxd5 Ne5 0-1

[Event "Smith & Williamson FIDE Rated"]
[Site "Witley"]
[Date "2001.07.16"]
[Round "1.18"]
[White "Chevannes, Sabrina L"]
[Black "Boztas, Kenan"]
[Result "0-1"]
[WhiteElo "1584"]
[BlackElo "2051"]
[PlyCount "62"]
[EventDate "2001.07.16"]
[EventType "swiss"]
[EventRounds "11"]
[EventCountry "ENG"]
[SourceTitle "BritBase"]
[Source "John Saunders"]
[SourceDate "2025.09.16"]
[SourceVersion "1"]
[SourceVersionDate "2025.09.16"]
[SourceQuality "1"]

1. d4 Nf6 2. Nf3 g6 3. Bg5 Bg7 4. Nbd2 d5 5. e3 O-O 6. Bd3 c5 7. c3 b6 8. O-O Ba6 9. Bxa6 Nxa6 10. Ne5 Ne8 11. Nc6 Qd7 12. Qa4 f6 13. Qxa6 Qxc6 14. Bh4 e5 15. dxc5 Nc7 16. Qd3 bxc5 17. e4 Kh8 18. exd5 Nxd5 19. Qc2 f5 20. Rfe1 e4 21. a3 c4 22. Bg5 Nc7 23. f3 Ne6 24. Bh4 Nf4 25. fxe4 Nd3 26. Re2 Rae8 27. b3 Nf4 28. Rf2 cxb3 29. Nxb3 Rxe4 30. Rc1 Rfe8 31. Kf1 Qc4+ 0-1

[Event "Smith & Williamson FIDE Rated"]
[Site "Witley"]
[Date "2001.07.16"]
[Round "2.1"]
[White "Hansell, Christopher"]
[Black "Bigg, Andrew J"]
[Result "0-1"]
[WhiteElo "2062"]
[BlackElo "2216"]
[PlyCount "132"]
[EventDate "2001.07.16"]
[EventType "swiss"]
[EventRounds "11"]
[EventCountry "ENG"]
[SourceTitle "BritBase"]
[Source "John Saunders"]
[SourceDate "2025.09.16"]
[SourceVersion "1"]
[SourceVersionDate "2025.09.16"]
[SourceQuality "1"]

1. d4 Nf6 2. e3 d6 3. Bd3 Nbd7 4. Nf3 g6 5. b3 Bg7 6. Bb2 O-O 7. Nbd2 Re8 8. O-O e5 9. dxe5 dxe5 10. e4 Nh5 11. Nc4 Qe7 12. Re1 b6 13. Qd2 Bb7 14. Rad1 Rad8 15. Qc1 f6 16. Ba3 Nc5 17. Qe3 Bf8 18. g3 Qg7 19. Nfd2 g5 20. Qe2 Qg6 21. f3 Ng7 22. Nf1 Nge6 23. Nfe3 Nd4 24. Qg2 b5 25. Bxc5 Bxc5 26. Na5 Ba8 27. c3 Ne6 28. b4 Bb6 29. Nb3 a6 30. Kh1 Bb7 31. Nf5 {(=)} Kh8 32. Bc2 g4 33. Nd2 c5 34. fxg4 Qxg4 35. Qf3 Qxf3+ 36. Nxf3 cxb4 37. Nd6 Re7 38. Nxb7 Rxd1 39. Rxd1 Rxb7 40. cxb4 Nd4 41. Nxd4 Bxd4 42. Bb3 Rc7 43. Rd3 Kg7 44. Kg2 Kg6 45. Kf3 h5 46. a4 bxa4 47. Bxa4 Rc4 48. Rb3 Rc2 49. Re3 Rxh2 50. Re2 Rh1 51. Kg2 Rb1 52. Be8+ Kg5 53. Ra2 Rxb4 54. Rxa6 Rb2+ 55. Kh1 Re2 56. Bc6 Kg4 57. Ra3 Be3 58. Bb5 Re1+ 59. Kh2 Kf3 60. Bc6 Rc1 61. Bd5 Rc2+ 62. Kh3 Rd2 63. Rb3 f5 64. Bc6 fxe4 65. Be8 Kf2 66. Bxh5 Bd4 0-1

[Event "Smith & Williamson FIDE Rated"]
[Site "Witley"]
[Date "2001.07.16"]
[Round "2.2"]
[White "Boztas, Kenan"]
[Black "Churm, Rohan M"]
[Result "0-1"]
[WhiteElo "2051"]
[BlackElo "2143"]
[PlyCount "38"]
[EventDate "2001.07.16"]
[EventType "swiss"]
[EventRounds "11"]
[EventCountry "ENG"]
[SourceTitle "BritBase"]
[Source "John Saunders"]
[SourceDate "2025.09.16"]
[SourceVersion "1"]
[SourceVersionDate "2025.09.16"]
[SourceQuality "1"]

1. c4 e5 2. g3 Nf6 3. Bg2 Bc5 4. Nc3 c6 5. e3 d5 6. cxd5 cxd5 7. Qb3 e4 8. d3 exd3 9. Nxd5 Nc6 10. Qxd3 O-O 11. Ne2 Nb4 12. Nxf6+ Qxf6 13. Qb1 Qa6 14. Nf4 g5 15. Bf1 Qc6 16. Rg1 gxf4 17. gxf4+ Kh8 18. a3 Nc2+ 19. Kd1 Bf5 0-1

[Event "Smith & Williamson FIDE Rated"]
[Site "Witley"]
[Date "2001.07.16"]
[Round "2.3"]
[White "Bareham, David C"]
[Black "Rendle, Thomas E"]
[Result "0-1"]
[WhiteElo "1720"]
[BlackElo "2129"]
[PlyCount "140"]
[EventDate "2001.07.16"]
[EventType "swiss"]
[EventRounds "11"]
[EventCountry "ENG"]
[SourceTitle "BritBase"]
[Source "John Saunders"]
[SourceDate "2025.09.16"]
[SourceVersion "1"]
[SourceVersionDate "2025.09.16"]
[SourceQuality "1"]

1. e4 e6 2. d4 d5 3. Nc3 Bb4 4. exd5 exd5 5. Bd3 Nc6 6. Nge2 Nge7 7. O-O O-O 8. Be3 Bf5 9. Ng3 Bxd3 10. Qxd3 Qd7 11. a3 Bxc3 12. Qxc3 Nf5 13. Rad1 Rae8 14. Nxf5 Qxf5 15. Rfe1 Re6 16. Qd3 Qxd3 17. Rxd3 Rfe8 18. Kf1 f5 19. c3 Na5 20. Rdd1 Nc4 21. Bc1 Kf7 22. Rxe6 Rxe6 23. Re1 a5 24. Rxe6 Kxe6 25. Ke2 a4 26. f4 g6 27. Kd3 Kd6 28. Kc2 Na5 29. Be3 Kc6 30. Bc1 Kb5 31. Kd3 Nc4 32. Kc2 Nd6 33. Kd3 b6 34. Bd2 Ne4 35. Be3 Nd6 36. Bd2 Nc4 37. Bc1 Kc6 38. Kc2 Na5 39. Bd2 Kd6 40. Kd3 Ke6 41. Ke2 Kf6 42. Kd3 Kg7 43. Ke2 Nc4 44. Bc1 Kh6 45. Kf3 Kh5 46. g3 Kh6 47. Ke2 Kg7 48. Kd3 Kf6 49. Kc2 Na5 50. Bd2 h6 51. h4 Nc4 52. Bc1 Nd6 53. Bd2 Ne4 54. Be1 g5 55. hxg5+ hxg5 56. Kd3 Kg6 57. c4 c6 58. cxd5 cxd5 59. Ke3 Kh5 60. Kf3 Kg6 61. Ke3 Nd6 62. Kf3 Nc4 63. Bc3 Kh5 64. fxg5 Kxg5 65. Kg2 Kg4 66. Kf2 f4 67. gxf4 Kxf4 68. Ke2 Ke4 69. Kd1 Kd3 70. Kc1 Nxa3 0-1

[Event "Smith & Williamson FIDE Rated"]
[Site "Witley"]
[Date "2001.07.16"]
[Round "2.4"]
[White "Deva, Chetan"]
[Black "Bjerke, Silje"]
[Result "1/2-1/2"]
[WhiteElo "2128"]
[BlackElo "2029"]
[PlyCount "84"]
[EventDate "2001.07.16"]
[EventType "swiss"]
[EventRounds "11"]
[EventCountry "ENG"]
[SourceTitle "BritBase"]
[Source "John Saunders"]
[SourceDate "2025.09.16"]
[SourceVersion "1"]
[SourceVersionDate "2025.09.16"]
[SourceQuality "1"]

1. c4 e6 2. Nf3 d5 3. b3 Nf6 4. g3 Be7 5. Bg2 O-O 6. O-O c6 7. Bb2 Nbd7 8. d3 b6 9. Nbd2 Bb7 10. Rc1 c5 11. Ne1 Qc7 12. cxd5 Bxd5 13. Bxd5 Nxd5 14. d4 Qb7 15. Ndf3 cxd4 16. Nxd4 Rac8 17. Nd3 Rxc1 18. Qxc1 Rc8 19. Qa1 N5f6 20. b4 b5 21. Rc1 Rc4 22. a3 Rxc1+ 23. Qxc1 a6 24. Nc6 Bd6 25. Na5 Qc7 26. Qxc7 Bxc7 27. Nb7 Ne4 28. Bc1 Kf8 29. Kf1 Ke7 30. f3 Nd6 31. Nbc5 Nxc5 32. Nxc5 a5 33. Bf4 axb4 34. axb4 f6 35. Bxd6+ Bxd6 36. Nd3 Kd7 37. Ke1 Kc6 38. e4 h5 39. Kd2 h4 40. f4 hxg3 41. hxg3 g5 42. Kc3 gxf4 1/2-1/2

[Event "Smith & Williamson FIDE Rated"]
[Site "Witley"]
[Date "2001.07.16"]
[Round "2.5"]
[White "Khoo, Teresa"]
[Black "Martyn, Rafe"]
[Result "1/2-1/2"]
[WhiteElo "1688"]
[BlackElo "2126"]
[PlyCount "75"]
[EventDate "2001.07.16"]
[EventType "swiss"]
[EventRounds "11"]
[EventCountry "ENG"]
[SourceTitle "BritBase"]
[Source "John Saunders"]
[SourceDate "2025.09.16"]
[SourceVersion "1"]
[SourceVersionDate "2025.09.16"]
[SourceQuality "1"]

1. e4 d5 2. exd5 Qxd5 3. Nc3 Qa5 4. d4 Nf6 5. Nf3 c6 6. Ne5 Be6 7. Nc4 Qc7 8. Qf3 g6 9. Bf4 Qd8 10. Qe3 Bg7 11. Rd1 Nbd7 12. Be2 O-O 13. O-O Re8 14. Ne5 Rc8 15. Bf3 Qb6 16. b3 Qa6 17. Nxd7 Bxd7 18. h3 Bf5 19. Rd2 Nd7 20. Bh6 Bh8 21. g4 Be6 22. Ne4 b5 23. c3 Bd5 24. Re1 Bg7 25. Bxg7 Kxg7 26. Rde2 Bxe4 27. Bxe4 c5 28. d5 Qd6 29. c4 b4 30. Bg2 a5 31. Qd2 Qf6 32. Re4 h6 33. d6 e6 34. R4e3 Rh8 35. Bb7 Rcd8 36. Rf3 Qd4 37. Rd3 Qf6 38. Rf3 1/2-1/2